000 00794cam a2200253 4500
999 _c23793
_d23793
001 1263177
003 BDDh-ASL
005 20231015030304.0
008 700526s1970 nyubj b 001 0beng
010 _a 74087954
020 _a0812812468
040 _aDLC
_cDLC
_dDLC
_dOCoLC
_dBDDh-ASL
050 0 0 _aBP75
_b.G58
082 0 0 _a297.63
_bGLL
100 1 _aGlubb, John Bagot,
_cSir,
_d1897-1986.
245 1 4 _aThe life and times of Muhammad /
_cby John Bagot Glubb (Glubb Pasha).
260 _aNew York :
_bStein and Day,
_c[1970]
_c1955.
300 _a416 p., 813 p. :
_bgeneal. tables, maps.
_c25 cm.
350 _a10.00
504 _aBibliography: p. [403]-405.
600 0 0 _aMuḼammad,
_cProphet,
_d-632.
906 _a7
_bcbc
_corignew
_du
_encip
_f19
_gy-gencatlg
942 _2ddc
_cBK